000 02780nkm0a2200505 4500
001 RU\NLR\BIBL_A\021956097
005 20260628193312.0
035 _a(NLR Aleph) 021956097
090 _a13740783
_c13740783
100 _a20230605f1817 y0rusy50 ca
101 0 _arus
102 _aRU
116 _aiiyaxx cm zz
135 _acrcn 024anaba
181 0 _ab4
_bxb2e
182 0 _an
200 1 _a[Великая Княгиня Александра Федоровна
_eэстамп]
_fБеннер
203 _aИзображение
_bнеподвижное
_bдвухмерное
_bвизуальное
_cнепосредственное
210 _a[Санкт-Петербург
_cб.и.
_d1817]
215 _a1 л.
_cпунктир
_d13,8х17 ; 16,5х24
300 _aС ориг. Беннера ОЭФ СК
316 _aЭкз.на шифре Э ГП/2-А462ф, инв.21598: 13,8х17 ; 16,5х24. Под изобр. надпись карандашом: Великая Княгиня Александра Федоровна. С портрета писанного Беннером
_5NLR: Э ГП/2-А462ф
325 _aКопия доступна в Электрон. б-ке РНБ
327 0 _aПортрет поясной, 3/4 вправо, с жемчугами в голове; овал в четырехугольнике
600 0 _aАлександра Федоровна
_cимператрица российская
_f1798 - 1860
_jГравюры
_92433616
_3RU\NLR\AUTH\661448322
606 1 _aПортретная гравюра русская
_y19 в.
_92547458
_3RU\NLR\AUTH\6601720959
606 1 _aГравюра пунктиром
_92546602
_3RU\NLR\AUTH\6601720548
686 1 _aЩ153(2Р=Рус)5-475
686 1 _aЩ150.845.1
702 0 _4570
_7ca
_8rus
_aАлександра Федоровна
_cимператрица российская
_f1798-1860
_918337
_3RU\NLR\AUTH\7735340
702 1 _aBenner
_bH. J.
_f1776-1836
_gJean Henri
_4040
850 _aРов(I), 18,18.
852 0 0 _aNLR
_bЭ
_jГП/2-А462ф
_mинв.21598
856 0 _uhttps://vivaldi.nlr.ru/le500007063/view
856 1 _uhttps://vivaldi.nlr.ru/le500007063/cover
856 2 _uhttps://vivaldi.nlr.ru/le500007063/text
942 _cVISUAL
980 _aNB
981 2 2 _a(22) Материалы по истории России
_b(22) Российский императорский дом
981 1 7 _a(17) Изографические материалы
_b(17) Портреты
981 1 7 _a(17) Изографические материалы
_b(17) Эстампы